Árbitros Primera División España 23/24 - Estadísticas

Estadísticas generales
  • Esta prueba ha sido intentada 50 veces
  • La puntuación promedio es 9 de 24
Estadísticas de respuestas
Tipo Árbitro % Correcto
Campo Gil Manzano
74%
Campo Hernández Hernández
74%
Campo Martínez Munuera
60%
Campo Munuera Montero
60%
Campo Alberola Rojas
58%
Campo Sánchez Martínez
53%
Campo De Burgos Bengoetxea
51%
Campo Soto Grado
42%
Campo González Fuertes
40%
VAR Del Cerro Grande
33%
Campo Figueroa Vázquez
30%
Campo Busquets Ferrer
28%
Campo Díaz de Mera Escuderos
28%
Campo García Verdura
28%
Campo Hernández Maeso
26%
Campo Iglesias Villanueva
26%
Campo Cuadra Fernández
23%
Campo Ortiz Arias
23%
Campo Melero López
19%
Campo Muñiz Ruiz
19%
Campo Pulido Santana
19%
VAR Jaime Latre
16%
VAR Pizarro Gómez
16%
VAR Prieto Iglesias
12%
No se encontraron pruebas coincidentes
Distribución de puntuación
Porcentaje de gente con cada puntuación
Porcentaje por número respondido
Historial de tus puntuaciones
No has intentado esta prueba.